[Event "Barcelona Holy Week"]
[Site "Barcelona"]
[Date "2024.04.01"]
[Round "9"]
[White "Valenzuela Gomez, Fernando Alberto"]
[Black "Masague Artero, Guerau"]
[Result "1/2-1/2"]
[WhiteElo "2321"]
[BlackElo "2334"]
[PlyCount "135"]
[EventDate "2024.03.28"]
[EventType "tourn"]
[EventRounds "9"]
[EventCountry "ESP"]
[SourceTitle "CB14_2024"]
[SourceDate "2024.04.01"]
[SourceVersion "1"]
[SourceVersionDate "2024.04.01"]
[SourceQuality "1"]

1. Nf3 Nf6 2. c4 g6 3. Nc3 Bg7 4. d4 0-0 5. e4 d6 6. Be2 Bg4 7. Be3 Nc6 8. d5 Nb8 9. Qd2 c6 10. 0-0 Bxf3 11. Bxf3 Nbd7 12. Rad1 Ne5 13. Be2 Qa5 14. h3 cxd5 15. exd5 Rac8 16. b3 a6 17. Bd4 Ned7 18. Rfe1 Rfe8 19. Bf1 Nc5 20. h4 h5 21. Qb2 Qd8 22. b4 Ncd7 23. Ne4 Nb8 24. Rc1 Nbd7 25. Ng5 Bh6 26. Rcd1 Ng4 27. Qe2 Bg7 28. Qf3 Rf8 29. Bxg7 Kxg7 30. Rc1 Kg8 31. a3 a5 32. Qg3 axb4 33. axb4 Ndf6 34. Be2 Ne5 35. Qe3 Re8 36. Qd4 b6 37. Bf1 Ned7 38. Nf3 Qc7 39. Qd2 Qb7 40. Nd4 Ne5 41. b5 Qd7 42. Qf4 Qg4 43. Qxg4 Nexg4 44. Nc6 Kf8 45. f3 Nh6 46. Bd3 Nd7 47. Ra1 Rc7 48. Bc2 Ng8 49. Re3 Ngf6 50. f4 Ng4 51. Rea3 Nc5 52. Ra8 Rxa8 53. Rxa8+ Kg7 54. Rb8 Ne3 55. Bb1 Rb7 56. Rxb7 Nxb7 57. Nxe7 Nxc4 58. f5 Ne5 59. fxg6 fxg6 60. Nc8 Nd7 61. Ne7 Ne5 62. Nc8 Nc4 63. Bd3 Nb2 64. Bb1 Na4 65. Bc2 Nc3 66. Bd3 Na4 67. Bc2 Nc3 68. Bd3 1/2-1/2

[Event "Barcelona Holy Week"]
[Site "Barcelona"]
[Date "2024.03.31"]
[Round "7"]
[White "Ryan, Joseph"]
[Black "Valenzuela Gomez, Fernando Alberto"]
[Result "0-1"]
[WhiteElo "2240"]
[BlackElo "2321"]
[PlyCount "44"]
[EventDate "2024.03.28"]
[EventType "tourn"]
[EventRounds "9"]
[EventCountry "ESP"]
[SourceTitle "CB14_2024"]
[SourceDate "2024.04.01"]
[SourceVersion "1"]
[SourceVersionDate "2024.04.01"]
[SourceQuality "1"]

1. e4 c5 2. Nf3 e6 3. c3 d5 4. exd5 Qxd5 5. d4 Nf6 6. Na3 a6 7. Nc4 Nbd7 8. Be2 b5 9. Ne3 Qc6 10. Ne5 Qc7 11. Bf3 Rb8 12. Nxd7 Bxd7 13. d5 e5 14. 0-0 e4 15. Be2 Bd6 16. h3 0-0 17. f4 c4 18. Kh1 Rbd8 19. Ng4 Bxg4 20. hxg4 Bc5 21. f5 Nxd5 22. Qe1 e3 0-1

[Event "Titled Tuesday intern op 06th Feb Early"]
[Site "Chess.com INT"]
[Date "2024.02.06"]
[Round "1"]
[White "Alakhverdiev, Araz"]
[Black "Valenzuela Gomez, Fernando Alberto"]
[Result "1-0"]
[WhiteElo "2008"]
[BlackElo "2320"]
[PlyCount "65"]
[EventDate "2024.02.06"]
[EventType "swiss (blitz)"]
[EventRounds "11"]
[EventCountry "USA"]
[SourceTitle "CB07_2024"]
[SourceDate "2024.02.14"]
[SourceVersion "1"]
[SourceVersionDate "2024.02.14"]
[SourceQuality "1"]

1. Nf3 d5 2. c4 d4 3. d3 c5 4. b4 Nf6 5. bxc5 Nc6 6. g3 e5 7. Ba3 e4 8. dxe4 Nxe4 9. Bg2 Qa5+ 10. Nfd2 Nc3 11. Qb3 Nxb1 12. Rxb1 Bxc5 13. Bxc5 Qxc5 14. Qb5 Qxb5 15. cxb5 Ne7 16. Nb3 Nf5 17. Rd1 0-0 18. Nxd4 Nxd4 19. Rxd4 Be6 20. a4 Rad8 21. Rxd8 Rxd8 22. 0-0 Rd4 23. Bxb7 Rxa4 24. Rc1 g6 25. f3 Rb4 26. Ba6 Bc4 27. Kf2 Bxb5 28. Rc8+ Kg7 29. Rb8 Ra4 30. Bxb5 Rb4 31. Rb7 a5 32. Bc6 Rc4 33. Bd5 1-0

[Event "Titled Tuesday intern op 06th Feb Early"]
[Site "Chess.com INT"]
[Date "2024.02.06"]
[Round "11"]
[White "Pinero Rodriguez, Carlos Jose"]
[Black "Valenzuela Gomez, Fernando Alberto"]
[Result "1-0"]
[WhiteElo "2242"]
[BlackElo "2320"]
[PlyCount "105"]
[EventDate "2024.02.06"]
[EventType "swiss (blitz)"]
[EventRounds "11"]
[EventCountry "USA"]
[SourceTitle "CB07_2024"]
[SourceDate "2024.02.14"]
[SourceVersion "1"]
[SourceVersionDate "2024.02.14"]
[SourceQuality "1"]

1. e4 c5 2. Nf3 e6 3. g3 d5 4. exd5 exd5 5. Bg2 Nc6 6. 0-0 Nf6 7. d4 cxd4 8. Nxd4 Be7 9. Nc3 0-0 10. Bg5 Bg4 11. Qd2 h6 12. Be3 Qd7 13. Nxc6 bxc6 14. Na4 Bh3 15. Nc5 Bxc5 16. Bxc5 Rfe8 17. f3 Bxg2 18. Kxg2 Re6 19. Bd4 Rae8 20. Rf2 Nh7 21. h4 Nf8 22. b4 Ng6 23. c3 Ne5 24. h5 Nc4 25. Qf4 Re2 26. Raf1 f6 27. a4 a6 28. a5 Re1 29. Qg4 Qxg4 30. fxg4 R1e4 31. Rf4 Rxd4 32. Rxd4 Ne3+ 33. Kf2 Nxf1 34. Kxf1 Re3 35. c4 Rxg3 36. cxd5 cxd5 37. Kf2 Rb3 38. Ke2 Kf7 39. Kd2 Ke6 40. Kc2 Rg3 41. Rd3 Rxg4 42. Kb3 Rh4 43. Rc3 Kd6 44. Rc8 f5 45. Ra8 f4 46. Rxa6+ Ke5 47. Rc6 f3 48. a6 f2 49. Rc1 Rf4 50. a7 Rf8 51. b5 Ke4 52. b6 Ke3 53. b7 1-0

[Event "Titled Tuesday intern op 06th Feb Early"]
[Site "Chess.com INT"]
[Date "2024.02.06"]
[Round "6"]
[White "Valenzuela Gomez, Fernando Alberto"]
[Black "Arabidze, Meri"]
[Result "1-0"]
[WhiteElo "2320"]
[BlackElo "2461"]
[PlyCount "105"]
[EventDate "2024.02.06"]
[EventType "swiss (blitz)"]
[EventRounds "11"]
[EventCountry "USA"]
[SourceTitle "CB07_2024"]
[SourceDate "2024.02.14"]
[SourceVersion "1"]
[SourceVersionDate "2024.02.14"]
[SourceQuality "1"]

1. e4 c5 2. Nf3 e6 3. d4 cxd4 4. Nxd4 Nc6 5. Nc3 a6 6. a3 Qc7 7. Nxc6 bxc6 8. Qd3 Nf6 9. Qg3 e5 10. Be2 g6 11. f4 d6 12. fxe5 dxe5 13. 0-0 Bg7 14. Bg5 Nd7 15. Bc4 f6 16. Be3 Nf8 17. Na4 Be6 18. Bb6 Qf7 19. Be2 Nd7 20. Ba5 0-0 21. Qc3 Rfc8 22. Rad1 c5 23. b3 Ra7 24. Rd6 c4 25. Rxe6 Qxe6 26. Bxc4 Rxc4 27. Qxc4 Qxc4 28. bxc4 Bf8 29. Bb4 Rc7 30. Rd1 Kf7 31. Nc3 Bc5+ 32. Kf1 Bd4 33. Ne2 Bc5 34. c3 Nb6 35. Ba5 Rc6 36. Bxb6 Rxb6 37. Rd7+ Ke6 38. Rd1 Bxa3 39. Ra1 Bc5 40. Nc1 Kd6 41. Nd3 Kc6 42. Ke2 Be7 43. Ra5 Kb7 44. c5 Rb3 45. Kd2 Bd8 46. Ra4 a5 47. Kc2 Rb5 48. c4 Rb4 49. Nxb4 axb4 50. Kb3 Kc6 51. Kxb4 Be7 52. Ra6+ Kb7 53. Kb5 1-0

[Event "Titled Tuesday intern op 06th Feb Early"]
[Site "Chess.com INT"]
[Date "2024.02.06"]
[Round "2"]
[White "Valenzuela Gomez, Fernando Alberto"]
[Black "Golubovic, Erik"]
[Result "0-1"]
[WhiteElo "2320"]
[BlackElo "2025"]
[PlyCount "72"]
[EventDate "2024.02.06"]
[EventType "swiss (blitz)"]
[EventRounds "11"]
[EventCountry "USA"]
[SourceTitle "CB07_2024"]
[SourceDate "2024.02.14"]
[SourceVersion "1"]
[SourceVersionDate "2024.02.14"]
[SourceQuality "1"]

1. d4 Nf6 2. c4 c5 3. d5 b5 4. Qc2 b4 5. e4 d6 6. a3 a5 7. h3 g6 8. Bd3 Bg7 9. Be3 0-0 10. Nf3 e6 11. Nbd2 exd5 12. exd5 Nbd7 13. 0-0 Re8 14. Rfe1 Nb6 15. axb4 axb4 16. Rxa8 Nxa8 17. Bf4 Rxe1+ 18. Nxe1 Qe7 19. Nef3 Nb6 20. b3 Nh5 21. Bh2 Nd7 22. g4 Nhf6 23. Kg2 Ne8 24. Qa2 Ne5 25. Bxe5 Bxe5 26. Ne4 f5 27. gxf5 Bxf5 28. Qa8 Kg7 29. Qa2 Nf6 30. Nxf6 Bxd3 31. Ng4 Bc3 32. Qa8 h5 33. Ne3 Be4 34. Kg3 Qf7 35. Ng5 Be5+ 36. Kh4 Qxf2# 0-1

[Event "Sitges Sunway op 10th"]
[Site "Sitges"]
[Date "2023.12.15"]
[Round "4"]
[White "Kelires, Andreas"]
[Black "Valenzuela Gomez, Fernando Alberto"]
[Result "1-0"]
[WhiteElo "2505"]
[BlackElo "2383"]
[PlyCount "115"]
[EventDate "2023.12.12"]
[EventType "swiss"]
[EventRounds "10"]
[EventCountry "ESP"]
[SourceTitle "CB52_2023"]
[SourceDate "2023.12.27"]
[SourceVersion "1"]
[SourceVersionDate "2023.12.27"]
[SourceQuality "1"]

1. d4 Nf6 2. c4 e6 3. Nf3 d5 4. g3 Be7 5. Bg2 0-0 6. 0-0 dxc4 7. Qc2 b5 8. a4 Bb7 9. axb5 a6 10. bxa6 Nxa6 11. Qxc4 Bd5 12. Qd3 Nb4 13. Rxa8 Qxa8 14. Qd1 Na2 15. Nc3 Nxc3 16. bxc3 h6 17. Bf4 Rb8 18. Qa1 Qb7 19. Qc1 Qa6 20. Re1 Ba3 21. Qd1 Rb2 22. Ne5 Bxg2 23. Kxg2 Qb7+ 24. f3 Bf8 25. Qd3 c5 26. Nc4 Ra2 27. Rb1 Qc6 28. Rb2 Rxb2 29. Nxb2 Qb7 30. Nc4 Qb3 31. Ne5 Qb2 32. Qd2 Qb7 33. dxc5 Bxc5 34. c4 Bf8 35. Qd8 Qb4 36. Qc7 Qe7 37. Qxe7 Bxe7 38. g4 Kf8 39. h4 Ke8 40. h5 Ba3 41. Kf2 Ng8 42. Be3 Ne7 43. Bd4 f6 44. Nd3 Nc6 45. Bc3 Bf8 46. f4 Kf7 47. e4 g6 48. hxg6+ Kxg6 49. f5+ Kf7 50. Nf4 exf5 51. exf5 Bc5+ 52. Kf3 Bd4 53. Bxd4 Nxd4+ 54. Ke4 Nc6 55. Nd3 Ke7 56. Kd5 Kd7 57. Nc5+ Kc7 58. Ne4 1-0

[Event "Iberoamerican-ch Rapid"]
[Site "Sant Boi"]
[Date "2023.12.09"]
[Round "9"]
[White "Habans Aguerrea, Javier"]
[Black "Valenzuela Gomez, Fernando Alberto"]
[Result "1/2-1/2"]
[WhiteElo "2359"]
[BlackElo "2383"]
[PlyCount "88"]
[EventDate "2023.12.09"]
[EventType "swiss (rapid)"]
[EventRounds "9"]
[EventCountry "ESP"]
[SourceTitle "CB50_2023"]
[SourceDate "2023.12.13"]
[SourceVersion "1"]
[SourceVersionDate "2023.12.13"]
[SourceQuality "1"]

1. c4 e6 2. g3 d5 3. Bg2 Nf6 4. Nf3 Be7 5. d4 0-0 6. Nc3 dxc4 7. Ne5 Nc6 8. Bxc6 bxc6 9. Nxc6 Qe8 10. Nxe7+ Qxe7 11. Qa4 Nd5 12. 0-0 a5 13. a3 Bb7 14. Qxc4 Ba6 15. Qc6 Nxc3 16. Qxc3 Bxe2 17. Re1 Ba6 18. Bf4 Qd7 19. Rad1 Bb7 20. Re5 Bd5 21. Rc1 c6 22. Re3 f6 23. Re2 Rae8 24. Rce1 g5 25. Bc1 a4 26. f4 h6 27. Qc2 Bb3 28. Qg6+ Qg7 29. Qxg7+ Kxg7 30. Bd2 Rd8 31. Bc3 gxf4 32. gxf4 Bd5 33. Kf2 Kf7 34. f5 Rfe8 35. fxe6+ Rxe6 36. Rxe6 Bxe6 37. Rg1 Rd5 38. Rg3 Rh5 39. Kg1 Bd5 40. Bd2 Rh4 41. Be3 f5 42. Bf2 Re4 43. Re3 Rf4 44. Rh3 Rg4+ 1/2-1/2

[Event "Iberoamerican-ch Rapid"]
[Site "Sant Boi"]
[Date "2023.12.09"]
[Round "8"]
[White "Valenzuela Gomez, Fernando Alberto"]
[Black "Vallejo Pons, Francisco"]
[Result "1/2-1/2"]
[WhiteElo "2383"]
[BlackElo "2667"]
[PlyCount "125"]
[EventDate "2023.12.09"]
[EventType "swiss (rapid)"]
[EventRounds "9"]
[EventCountry "ESP"]
[SourceTitle "CB50_2023"]
[SourceDate "2023.12.13"]
[SourceVersion "1"]
[SourceVersionDate "2023.12.13"]
[SourceQuality "1"]

1. e4 c5 2. Nf3 e6 3. d4 cxd4 4. Nxd4 a6 5. c4 Nf6 6. Nc3 Bb4 7. Qd3 d6 8. Nc2 Bc5 9. Be2 Nc6 10. Be3 0-0 11. a3 b5 12. cxb5 axb5 13. 0-0 Ne5 14. Qd2 Nc4 15. Bxc4 bxc4 16. Bxc5 dxc5 17. Qxd8 Rxd8 18. Ne3 Rd4 19. f3 Rb8 20. Na4 Nd7 21. Rfd1 Ba6 22. Rac1 g5 23. Nxc4 Bb5 24. b3 Bxc4 25. Rxd4 cxd4 26. Rxc4 Rxb3 27. Rxd4 Ne5 28. Nc5 Rxa3 29. Kf2 Kg7 30. Ke2 Rc3 31. Na4 Rc6 32. Nb2 h5 33. Rd2 Ng6 34. Nd3 h4 35. Ke3 Rc3 36. Ke2 Ra3 37. Rb2 Ra1 38. g3 Rh1 39. Ke3 f5 40. exf5 exf5 41. gxh4 Nxh4 42. Rb7+ Kf6 43. Rb6+ Ke7 44. Rb7+ Kf6 45. Rb6+ Kg7 46. Rb7+ Kh6 47. Rb2 Kh5 48. Ra2 Rf1 49. Ne5 Re1+ 50. Kd4 Ng6 51. Nxg6 Kxg6 52. Ra6+ Kh5 53. Rf6 f4 54. Rf8 Re3 55. Rh8+ Kg6 56. h4 gxh4 57. Rxh4 Kg5 58. Rh3 Kf5 59. Kc4 Ke5 60. Rh5+ Kf6 61. Rh3 Kg5 62. Kd4 Ra3 63. Ke4 1/2-1/2

[Event "Sant Boi de Llobregat op 4th"]
[Site "Sant Boi de Llobregat"]
[Date "2023.12.06"]
[Round "7"]
[White "Samadov, Read"]
[Black "Valenzuela Gomez, Fernando Alberto"]
[Result "1-0"]
[WhiteElo "2506"]
[BlackElo "2383"]
[PlyCount "105"]
[EventDate "2023.11.30"]
[EventType "swiss"]
[EventRounds "9"]
[EventCountry "ESP"]
[SourceTitle "CB50_2023"]
[SourceDate "2023.12.13"]
[SourceVersion "1"]
[SourceVersionDate "2023.12.13"]
[SourceQuality "1"]

1. Nf3 d5 2. g3 Nf6 3. Bg2 e6 4. 0-0 Be7 5. c4 0-0 6. b3 d4 7. e3 c5 8. Ne5 Qc7 9. f4 Nbd7 10. Nd3 e5 11. Na3 a6 12. Bb2 Bd6 13. Nc2 Re8 14. fxe5 Nxe5 15. Nxe5 Bxe5 16. exd4 Bg4 17. Bf3 Bxf3 18. Qxf3 cxd4 19. d3 b5 20. Rae1 bxc4 21. dxc4 Rad8 22. Nb4 d3 23. Rxe5 Rxe5 24. Bxe5 Qxe5 25. Nxd3 Qd4+ 26. Nf2 Re8 27. Qd3 Qc5 28. Qd2 h5 29. Re1 Rxe1+ 30. Qxe1 h4 31. gxh4 Qd4 32. a4 Qxh4 33. Qe3 Qh5 34. Kg2 Qg6+ 35. Qg3 Qc2 36. Qd3 Qc1 37. b4 Qg5+ 38. Qg3 Qc1 39. Qd3 Qg5+ 40. Qg3 Qc1 41. c5 a5 42. bxa5 Qxc5 43. Qb8+ Kh7 44. Qb5 Qc8 45. a6 Nd7 46. Qb7 Qd8 47. Qe4+ Kg8 48. a7 Nb6 49. Qc6 Na8 50. Ne4 Kh7 51. h4 f6 52. Nd6 Nc7 53. Kh3 1-0

[Event "Sant Boi de Llobregat op 4th"]
[Site "Sant Boi de Llobregat"]
[Date "2023.12.02"]
[Round "3"]
[White "Jacobson, Brandon"]
[Black "Valenzuela Gomez, Fernando Alberto"]
[Result "1-0"]
[WhiteElo "2538"]
[BlackElo "2383"]
[PlyCount "127"]
[EventDate "2023.11.30"]
[EventType "swiss"]
[EventRounds "9"]
[EventCountry "ESP"]
[SourceTitle "CB50_2023"]
[SourceDate "2023.12.13"]
[SourceVersion "1"]
[SourceVersionDate "2023.12.13"]
[SourceQuality "1"]

1. d4 d5 2. c4 e6 3. Nf3 Nf6 4. g3 Be7 5. Bg2 0-0 6. Nc3 dxc4 7. Ne5 Nc6 8. Bxc6 bxc6 9. Nxc6 Qe8 10. Nxe7+ Qxe7 11. Qa4 Nd5 12. 0-0 a5 13. Re1 Nb4 14. Bf4 Bd7 15. Qd1 Bc6 16. b3 cxb3 17. Qxb3 Rfb8 18. Qc4 Qd7 19. Rec1 Nd5 20. Nxd5 Bxd5 21. Qd3 Ra7 22. Rc5 h6 23. e4 Ba8 24. Rac1 Rd8 25. Bxc7 Rc8 26. Bb6 Rxc5 27. Rxc5 Rb7 28. Bxa5 Rb8 29. Bc3 Rc8 30. Ra5 Bb7 31. f3 Ra8 32. Qb5 Qc8 33. Qc5 Qd7 34. Qb5 Qc8 35. Qc5 Qd7 36. Rxa8+ Bxa8 37. Qe5 Qa7 38. a4 Kh7 39. a5 Qb7 40. Qf4 Qb1+ 41. Kf2 Qb3 42. Qd2 Qc4 43. g4 Bb7 44. h4 f6 45. Qe3 Bc6 46. Kg2 Bb7 47. Kf2 Bc6 48. d5 exd5 49. e5 d4 50. Bxd4 fxe5 51. Qxe5 Qf7 52. f4 Bd7 53. Kg3 Bc8 54. h5 Qb7 55. a6 Qd7 56. f5 Bxa6 57. f6 Bc8 58. Qe4+ Kg8 59. fxg7 Qe6 60. Qf4 Kh7 61. Be5 Qd5 62. Qf6 Qd7 63. g8Q+ Kxg8 64. Qg6+ 1-0

[Event "Titled Tuesday intern op 26th Sep Early"]
[Site "Chess.com INT"]
[Date "2023.09.26"]
[Round "3"]
[White "Valenzuela Gomez, Fernando Alberto"]
[Black "Sargissyan, Sargis"]
[Result "1/2-1/2"]
[WhiteElo "2404"]
[BlackElo "2238"]
[PlyCount "68"]
[EventDate "2023.09.26"]
[EventType "swiss (blitz)"]
[EventRounds "11"]
[EventCountry "USA"]
[SourceTitle "EXT 2024"]
[Source "ChessBase"]
[SourceDate "2023.10.10"]
[SourceVersion "1"]
[SourceVersionDate "2023.10.10"]
[SourceQuality "1"]

1. e4 e5 2. Nf3 Nc6 3. Bb5 a6 4. Bxc6 dxc6 5. 0-0 Bd6 6. d4 f6 7. dxe5 Bxe5 8. Qxd8+ Kxd8 9. Nxe5 fxe5 10. Nd2 Nf6 11. Nf3 Nxe4 12. Nxe5 Be6 13. f3 Nf6 14. b3 Kc8 15. Bb2 c5 16. Rfe1 Re8 17. Re2 b6 18. Rae1 Kb7 19. Nd3 Bf7 20. Re7 Bg6 21. Nf4 Rxe7 22. Rxe7 Rd8 23. Be5 Nd5 24. Rxg7 Nxf4 25. Bxf4 Bxc2 26. Rxc7+ Ka8 27. Rc6 Kb7 28. Rc7+ Ka8 29. Be5 Rd2 30. g4 Bd1 31. Rc8+ Kb7 32. Rc7+ Ka8 33. Rc8+ Kb7 34. Rc7+ Ka8 1/2-1/2

[Event "Titled Tuesday intern op 26th Sep Early"]
[Site "Chess.com INT"]
[Date "2023.09.26"]
[Round "6"]
[White "Valenzuela Gomez, Fernando Alberto"]
[Black "Timofeev, Artyom"]
[Result "0-1"]
[WhiteElo "2404"]
[BlackElo "2576"]
[PlyCount "52"]
[EventDate "2023.09.26"]
[EventType "swiss (blitz)"]
[EventRounds "11"]
[EventCountry "USA"]
[SourceTitle "EXT 2024"]
[Source "ChessBase"]
[SourceDate "2023.10.10"]
[SourceVersion "1"]
[SourceVersionDate "2023.10.10"]
[SourceQuality "1"]

1. e4 e6 2. d4 d5 3. Nd2 Nc6 4. Ngf3 Nf6 5. e5 Nd7 6. Nb3 a5 7. a4 Be7 8. c3 f6 9. Bf4 fxe5 10. dxe5 0-0 11. Bg3 b6 12. Bb5 Na7 13. Bd3 Nc5 14. h4 Nxd3+ 15. Qxd3 c5 16. Nbd2 Nc6 17. Ng5 Rf5 18. Ndf3 h6 19. Nh3 Ba6 20. Qe3 d4 21. cxd4 Nxd4 22. Nxd4 cxd4 23. Qe4 Bb4+ 24. Kd1 Rc8 25. Nf4 Qc7 26. Nxe6 Qc4 0-1

[Event "Titled Tuesday intern op 19th Sep Late"]
[Site "Chess.com INT"]
[Date "2023.09.19"]
[Round "10"]
[White "Hansen, Eric"]
[Black "Valenzuela Gomez, Fernando Alberto"]
[Result "1-0"]
[WhiteElo "2609"]
[BlackElo "2404"]
[PlyCount "41"]
[EventDate "2023.09.19"]
[EventType "swiss (blitz)"]
[EventRounds "11"]
[EventCountry "USA"]
[SourceTitle "EXT 2024"]
[Source "ChessBase"]
[SourceDate "2023.10.10"]
[SourceVersion "1"]
[SourceVersionDate "2023.10.10"]
[SourceQuality "1"]

1. e4 e6 2. d4 d5 3. Nc3 Nf6 4. Bg5 dxe4 5. Nxe4 Nbd7 6. Nf3 h6 7. Nxf6+ Nxf6 8. Be3 Bd6 9. Bd3 b6 10. Ne5 Nd5 11. Bb5+ Kf8 12. 0-0 Nxe3 13. fxe3 Bxe5 14. dxe5 Bb7 15. Qh5 Qe7 16. Rad1 g6 17. Qxg6 Bxg2 18. Rf6 Bh3 19. Rd7 Bf5 20. Qh5 Rg8+ 21. Kf2 1-0

[Event "Titled Tuesday intern op 19th Sep Early"]
[Site "Chess.com INT"]
[Date "2023.09.19"]
[Round "5"]
[White "Shohat, Yotam"]
[Black "Valenzuela Gomez, Fernando Alberto"]
[Result "1-0"]
[WhiteElo "2332"]
[BlackElo "2404"]
[PlyCount "65"]
[EventDate "2023.09.19"]
[EventType "swiss (blitz)"]
[EventRounds "11"]
[EventCountry "USA"]
[SourceTitle "EXT 2024"]
[Source "ChessBase"]
[SourceDate "2023.10.10"]
[SourceVersion "1"]
[SourceVersionDate "2023.10.10"]
[SourceQuality "1"]

1. e4 e5 2. Nf3 Nc6 3. Bb5 a6 4. Ba4 Nf6 5. 0-0 Be7 6. d3 b5 7. Bb3 d6 8. a4 Rb8 9. axb5 axb5 10. Nc3 0-0 11. h3 Nd4 12. Nxd4 exd4 13. Ne2 c5 14. Bg5 Be6 15. Bxf6 Bxf6 16. Nf4 Bd7 17. Bd5 g6 18. Ra7 Be5 19. Ne2 Be6 20. f4 Bxd5 21. fxe5 Be6 22. exd6 Qxd6 23. Qd2 c4 24. Qh6 Ra8 25. Rxa8 Rxa8 26. Nf4 c3 27. bxc3 dxc3 28. Qg5 b4 29. Qf6 Qd8 30. Qe5 Ra5 31. Nxe6 Qb6+ 32. Qd4 Qxe6 33. Qd8+ 1-0

[Event "Titled Tuesday intern op 19th Sep Late"]
[Site "Chess.com INT"]
[Date "2023.09.19"]
[Round "8"]
[White "Valenzuela Gomez, Fernando Alberto"]
[Black "Duarte Miceli, Leonardo"]
[Result "1-0"]
[WhiteElo "2404"]
[BlackElo "2299"]
[PlyCount "71"]
[EventDate "2023.09.19"]
[EventType "swiss (blitz)"]
[EventRounds "11"]
[EventCountry "USA"]
[SourceTitle "EXT 2024"]
[Source "ChessBase"]
[SourceDate "2023.10.10"]
[SourceVersion "1"]
[SourceVersionDate "2023.10.10"]
[SourceQuality "1"]

1. e4 c5 2. Nf3 e6 3. d4 cxd4 4. Nxd4 Nf6 5. Nc3 Nc6 6. Ndb5 Bc5 7. Nd6+ Ke7 8. Bf4 e5 9. Nf5+ Kf8 10. Bg5 d6 11. Bc4 Be6 12. Bb3 h6 13. Bxf6 Qxf6 14. 0-0 Bxf5 15. Nd5 Qd8 16. exf5 Ne7 17. f6 Nxd5 18. fxg7+ Kxg7 19. Qxd5 Qe7 20. Kh1 Rhf8 21. Rad1 Kh7 22. c3 f5 23. Bc2 e4 24. f3 e3 25. Bxf5+ Kh8 26. Rfe1 Rae8 27. Be4 Qg7 28. Re2 Rf7 29. Qd3 Re5 30. g3 Rh5 31. Bg6 Rxf3 32. Bxh5 Rf8 33. Qg6 Qxg6 34. Bxg6 Kg7 35. Bd3 a5 36. Kg2 1-0

[Event "Titled Tuesday intern op 19th Sep Late"]
[Site "Chess.com INT"]
[Date "2023.09.19"]
[Round "9"]
[White "Valenzuela Gomez, Fernando Alberto"]
[Black "Manukyan, Sargis A"]
[Result "1-0"]
[WhiteElo "2404"]
[BlackElo "2237"]
[PlyCount "107"]
[EventDate "2023.09.19"]
[EventType "swiss (blitz)"]
[EventRounds "11"]
[EventCountry "USA"]
[SourceTitle "EXT 2024"]
[Source "ChessBase"]
[SourceDate "2023.10.10"]
[SourceVersion "1"]
[SourceVersionDate "2023.10.10"]
[SourceQuality "1"]

1. e4 c5 2. Nf3 d6 3. d4 cxd4 4. Nxd4 Nf6 5. Nc3 g6 6. Be3 Bg7 7. f3 0-0 8. Qd2 Nc6 9. 0-0-0 d5 10. exd5 Nxd5 11. Nxc6 bxc6 12. Bd4 e5 13. Bc5 Be6 14. Ne4 Re8 15. h4 h6 16. Bc4 Qc7 17. h5 g5 18. g4 Red8 19. Bb3 Nf4 20. Qe3 Bd5 21. Ng3 e4 22. Nxe4 Bxb3 23. axb3 Qe5 24. c3 Qe6 25. Kc2 Rd5 26. Ng3 Re5 27. Ne4 a5 28. Rd6 Qe8 29. Rhd1 Nd5 30. Qd2 a4 31. bxa4 Rxe4 32. fxe4 Qxe4+ 33. Kc1 Rxa4 34. Rd8+ Kh7 35. Qc2 f5 36. Qxe4 fxe4 37. Rd7 Kg8 38. Kc2 Bf8 39. Bxf8 Ne3+ 40. Kb3 Ra8 41. Re1 Nxg4 42. Bb4 Rb8 43. Kc2 e3 44. Rd6 Rc8 45. Rg6+ Kf7 46. Rf1+ Nf2 47. Bc5 Ke8 48. Bxe3 Ng4 49. Bd4 Kd7 50. Rf7+ Ke8 51. Rh7 Nf6 52. Bxf6 Kf8 53. Rgg7 c5 54. Rh8# 1-0

[Event "Titled Tuesday intern op 19th Sep Early"]
[Site "Chess.com INT"]
[Date "2023.09.19"]
[Round "11"]
[White "Valenzuela Gomez, Fernando Alberto"]
[Black "Sameer, Loay"]
[Result "1-0"]
[WhiteElo "2404"]
[BlackElo "2209"]
[PlyCount "87"]
[EventDate "2023.09.19"]
[EventType "swiss (blitz)"]
[EventRounds "11"]
[EventCountry "USA"]
[SourceTitle "EXT 2024"]
[Source "ChessBase"]
[SourceDate "2023.10.10"]
[SourceVersion "1"]
[SourceVersionDate "2023.10.10"]
[SourceQuality "1"]

1. e4 c5 2. Nf3 Nc6 3. Bb5 Nf6 4. Bxc6 dxc6 5. d3 g6 6. Nc3 Bg7 7. Be3 b6 8. Qd2 h6 9. h3 Nd7 10. 0-0 e5 11. a4 Nf8 12. a5 Rb8 13. axb6 axb6 14. Nh2 Ne6 15. Ne2 0-0 16. Bxh6 Nd4 17. Bxg7 Kxg7 18. Nxd4 cxd4 19. f4 Qe7 20. fxe5 Qxe5 21. Nf3 Qd6 22. Ra7 Rb7 23. Ra8 c5 24. Ng5 Be6 25. Rxf8 Kxf8 26. Qf2 Kg8 27. Qf6 Qe7 28. Nxe6 Qxe6 29. Qxe6 fxe6 30. Rf6 Re7 31. Rxg6+ Kf7 32. Rg3 Ra7 33. Rf3+ Ke7 34. b3 Ra1+ 35. Rf1 Ra2 36. Rf2 Ra1+ 37. Kh2 e5 38. h4 b5 39. h5 c4 40. bxc4 bxc4 41. dxc4 Ra4 42. g4 Rxc4 43. h6 Rc3 44. g5 1-0

[Event "Titled Tuesday intern op 19th Sep Late"]
[Site "Chess.com INT"]
[Date "2023.09.19"]
[Round "11"]
[White "Valenzuela Gomez, Fernando Alberto"]
[Black "Schnaider, Ilan"]
[Result "1-0"]
[WhiteElo "2404"]
[BlackElo "2292"]
[PlyCount "75"]
[EventDate "2023.09.19"]
[EventType "swiss (blitz)"]
[EventRounds "11"]
[EventCountry "USA"]
[SourceTitle "EXT 2024"]
[Source "ChessBase"]
[SourceDate "2023.10.10"]
[SourceVersion "1"]
[SourceVersionDate "2023.10.10"]
[SourceQuality "1"]

1. e4 c5 2. Nf3 d6 3. Nc3 Nf6 4. d4 cxd4 5. Nxd4 a6 6. Bg5 e5 7. Nf5 Bxf5 8. exf5 Be7 9. Bc4 Qc8 10. Qd3 Nbd7 11. a4 Nc5 12. Qf3 e4 13. Qh3 Ncd7 14. Bb3 Nc5 15. Bc4 h6 16. Bh4 0-0 17. 0-0 Rb8 18. Rfe1 Re8 19. a5 b5 20. axb6 Rxb6 21. b3 Rb8 22. Rad1 Qc6 23. Nd5 Nxd5 24. Bxd5 Qc7 25. f6 Bxf6 26. Bxf6 gxf6 27. Qxh6 Re5 28. Re3 Qd7 29. Rh3 Qxh3 30. Qxh3 Kg7 31. Qg3+ Kf8 32. Qf4 Ke7 33. Bc4 a5 34. g3 a4 35. bxa4 Nxa4 36. Rxd6 Rc8 37. Qxf6+ Ke8 38. Qxf7# 1-0